00318nam a2200109Ia 4500008004100000082001300041100001600054245002400070942000600094952009500100999001300195240331s9999 xx 000 0 und d a110bADO aAdorno, T.W 0aNegative dialectics cL 001040708LaWERCLbWERCLcSSCd2024-03-31l0o 110 ADOp2435r2024-03-31w2024-03-31yL c713d713